Reverse Alphabet in 15 Seconds - Statistics

General Stats
  • This quiz has been taken 557 times
  • The average score is 14 of 26
Answer Stats
Answer % Correct
z
97%
y
94%
x
93%
w
89%
v
85%
u
83%
t
79%
s
76%
r
72%
q
67%
p
61%
o
56%
n
49%
m
47%
l
44%
k
38%
j
36%
i
32%
g
30%
h
30%
f
28%
e
26%
d
24%
a
22%
c
22%
b
21%
No matching quizzes found
Score Distribution
Percent of People with Each Score
Percentile by Number Answered
Your Score History
You have not taken this quiz